| 000 | 01240cam a2200397 i 4500 | ||
|---|---|---|---|
| 999 |
_c38247 _d38247 |
||
| 003 | BJBSDDR | ||
| 005 | 20230410105518.0 | ||
| 007 | ta | ||
| 008 | 120906s2012 fr b 000 0 fre | ||
| 020 | _a9782021031966 | ||
| 020 | _a2021031969 | ||
| 040 |
_aDLC _bspa _cDLC |
||
| 041 | _afre | ||
| 042 | _apcc | ||
| 050 | 1 | 4 |
_aHC 59.3 _bB773m 2012 |
| 082 | 0 | 0 | _a338.9009051 |
| 100 | 1 |
_aBourguignon, Francois, _d1945- |
|
| 245 | 1 | 3 |
_aLa mondialisation de l'inégalité / _cFrançois Bourguignon. |
| 264 | 1 |
_a[Paris] : _bSeuil, _c[2012] |
|
| 300 |
_a103 pages ; _c21 cm. |
||
| 336 |
_atext _2rdacontent |
||
| 337 |
_aunmediated _2rdamedia |
||
| 338 |
_avolume _2rdacarrier |
||
| 490 | 0 | _aLa Republique des idees | |
| 504 | _aIncludes bibliographical references. | ||
| 650 | 4 |
_aGlobalización _xAspectos sociales _92371 |
|
| 650 | 4 |
_aGlobalización _xAspectos económicos _92896 |
|
| 650 | 4 |
_aHistoria económica _ySiglo XXI _928 |
|
| 650 | 4 |
_aIgualdad _xAspectos económicos _910487 |
|
| 650 | 4 |
_aDesigualdad social _91071 |
|
| 650 | 0 |
_aEconomic history _y21st century. |
|
| 650 | 0 |
_aGlobalization _xEconomic aspects. |
|
| 650 | 0 |
_aEquality _xEconomic aspects. |
|
| 830 |
_910486 _aLa République des idées |
||
| 942 |
_2lcc _cBK |
||